Tipi dei Pokémon - Quiz n°65 - Statistics

Statistiche generali
  • Questo quiz è stato fatto 13 volte
  • Il punteggio medio è 11 su 15
Statistiche sulle risposte
Hint Risposta % Corretto
Oshawott Acqua
89%
Horsea Acqua
89%
Darkrai Buio
89%
Pikachu Elettro
89%
Alomomola Acqua
78%
Dewgong Acqua / Ghiaccio
78%
Zoroark Buio
78%
Ribombee Coleottero / Folletto
78%
Rapidash Fuoco
78%
Slugma Fuoco
78%
Snorunt Ghiaccio
78%
Nidoran♀ Veleno
78%
Meleotta (Forma Danza) Normale / Lotta
56%
Zygarde (Forma 10%) Drago / Terra
44%
Meowth (Forma di Galar) Acciaio
0%
Nessun quiz corrispondente trovato
Distribuzione punteggi
Percentuale di utenti per punteggio
Percentile per numero di risposta
I tuoi punteggi nel tempo
Non hai fatto questo quiz